Intelligent building systems

Spremljeno u:
Bibliografski detalji
Glavni autor:  So, Albert Ting-pat
Format: Sách
Jezik:Undetermined
Izdano:  Kluwer Academic  1999
Teme:
Oznake: Dodaj oznaku
Bez oznaka, Budi prvi tko označuje ovaj zapis!
Thư viện lưu trữ: Trung tâm Thư viện - Trường Đại học Công nghiệp TP. Hồ Chí Minh
LEADER 00497nam a2200157Ia 4500
001 UIH_04648
008 231011s9999 xx 000 0 und d
082 |a  696 
100 |a  So, Albert Ting-pat 
245 0 |a  Intelligent building systems 
245 0 |c  So, Albert Ting-pat 
260 |b  Kluwer Academic 
260 |c  1999 
650 |a  Tòa nhà; Tòa nhà thông minh;  
927 |a Sách 
980 |a Trung tâm Thư viện - Trường Đại học Công nghiệp TP. Hồ Chí Minh